Auge y caída del neoliberalismo en Chile
Saved in:
| Main Author: | |
|---|---|
| Format: | Book |
| Language: | Spanish |
| Published: |
Santiago
FLACSO
1985
|
| Series: | Serie libros FLACSO-Chile, 17
|
| Subjects: | |
| Tags: |
Add Tag
No Tags, Be the first to tag this record!
|
MARC
| LEADER | 00000nam a2200000 a 4500 | ||
|---|---|---|---|
| 001 | UCW8758 | ||
| 003 | CL-VaPUC | ||
| 008 | 881026e19850000CL |||||||||||||||||spa|d | ||
| 082 | 0 | 4 | |a 330.1 |b VER |2 21 |
| 100 | 0 | |a Vergara, Pilar |e author |9 314019 | |
| 245 | 1 | 0 | |a Auge y caída del neoliberalismo en Chile |
| 300 | |a 270 p | ||
| 942 | |c BK | ||
| 945 | |d 19881026 00:00:00 | ||
| 260 | |a Santiago |b FLACSO |c 1985 | ||
| 650 | 0 | |a Liberalismo |9 255715 | |
| 650 | 0 | |a Política económica |9 255029 | |
| 651 | 7 | |a CHILE |2 CL-VaPUC |9 314020 | |
| 583 | |a last modification |c 19881026 00:00:00 |k Rodrigo Vera | ||
| 490 | 0 | |a Serie libros FLACSO-Chile, 17 | |
| 999 | |c 221036 |d 221034 | ||
| 952 | |0 0 |1 0 |4 0 |6 330_100000000000000_VER_1985 |7 0 |8 A |9 213950 |a BIBENE |b BIBENE |d 2019-11-15 |i 2823012 |o 330.1 VER 1985 |p 2823012 |r 2025-01-15 |w 2019-11-15 |y BK |k ICO | ||
| 952 | |0 0 |1 0 |4 0 |6 330_100000000000000_VER_1985 |7 0 |8 A |9 213951 |a BIBGIM |b BIBGIM |d 2019-11-15 |i 2823020 |o 330.1 VER 1985 |p 2823020 |r 2025-01-15 |w 2019-11-15 |y BK |k SSL | ||
| 952 | |0 0 |1 0 |4 0 |6 330_100000000000000_VER_1985 |7 0 |8 A |9 213952 |a BIBGIM |b BIBGIM |d 2019-11-15 |i 2823039 |o 330.1 VER 1985 |p 2823039 |r 2025-01-15 |w 2019-11-15 |y BK |k SSL | ||
| 952 | |0 0 |1 0 |4 0 |6 330_100000000000000_VER_1985 |7 0 |8 A |9 213953 |a BIBGIM |b BIBGIM |d 2019-11-15 |i 1998897 |o 330.1 VER 1985 |p 1998897 |r 2025-01-15 |w 2019-11-15 |y BK |k SSL | ||